000 00584nam a22002177a 4500
003 UA-OsUOA
001 117002
007 ta
008 20160420b un ||||| |||| 00| 0 ukr d
100 _aЗахарченко О.
090 _a82
_bЗ-38
942 _cSA
040 _aUA-OsUOA
_bukr
_cUA-OsUOA
_dUA-OsUOA
245 _aМодерністська поезія Галини Кирпи для дітей
300 _aС.46-49
955 _a0
041 _aukr
080 _a82
773 0 _w116995
650 7 _a82 Література. Літературознавство
_2UDC
999 _c402980
_d402980